Biblioteca

La vida interior : (Registro nro. 67903)

Detalles MARC
000 -LÍDER
Campo fijo de descripción fija 01977nam a2200325 i 4500
001 - NÚMERO DE CONTROL
Campo de control 768714001
003 - IDENTIFICADOR DEL NÚMERO DE CONTROL
Campo de control CO-MdFUSB
005 - FECHA Y HORA DE LA ULTIMA TRANSACCIÓN
control field 20220728143309.0
007 - CAMPO FIJO DE DESCRIPCIÓN FIJA--INFORMACIÓN GENERAL
Campo fijo de descripción fija ta
008 - ELEMENTOS DE LONGITUD FIJA -- INFORMACIÓN GENERAL
Campo fijo de descripción fija -- Información general 220525t1988 -us |||| |||| 00| 0 spa d
020 ## - NÚMERO INTERNACIONAL NORMALIZADO PARA LIBROS
Número Internacional Normalizado del libro 0829713530
040 ## - FUENTE DE CATALOGACIÓN
Agencia de catalogación original CO-MdFUSB
Idioma de catalogación spa
Agencia que realiza la transcripción CO-MdFUSB
Agencia que realiza la modificación CO-MdFUSBC
Convenciones de la descripción rda
041 ## - CÓDIGO DE IDIOMA
Código de idioma para texto/pista de sonido o título separado spa
Código de idioma original eng
082 ## - NÚMERO DE CLASIFICACIÓN DECIMAL DEWEY
Número de la edición del Dewey 23
Número de clasificación 248
Clave de autor-Numero de item M981
100 ## - ASIENTO PRINCIPAL--NOMBRE PERSONAL
Nombre personal Murray, Andrew,
Término relacionador autor
240 ## - TITULO UNIFORME
Título uniforme <a href="The inner life">The inner life</a>
245 #3 - TÍTULO
Título del Material La vida interior :
Parte restante del título - Subtitulo cultivo de la renovación del alma
Mención de responsabilidad, etc. / Andrew Murray ; traducido por Agustín S. Contin
264 #1 - PRODUCCIÓN, PUBLICACIÓN, DISTRIBUCIÓN, MANUFACTURA, Y COPYRIGHT
Lugar de producción, publicación, distribución, manufactura Estados Unidos :
Nombre del productor, publicador, distribuidor Vida,
Fecha de producción, publicación, distribución, manufactura, o copyright [1989]
264 #4 - PRODUCCIÓN, PUBLICACIÓN, DISTRIBUCIÓN, MANUFACTURA, Y COPYRIGHT
Fecha de producción, publicación, distribución, manufactura, o copyright © 1989
300 ## - DESCRIPCIÓN FÍSICA
Extensión 160 páginas
Dimensiones ; 18 cm
336 ## - TIPO DE CONTENIDO
Fuente rdacontent
Término de tipo de contenido texto
Código de tipo de contenido txt
337 ## - TIPO DE MEDIO
Fuente rdamedia
Nombre del tipo de medio sin mediación
Código del tipo de medio n
338 ## - TIPO DE SOPORTE
Fuente rdacarrier
Nombre del tipo de soporte volumen
Código Tipo de soporte nc
505 ## - NOTA DE CONTENIDO
Nota de contenido con formato preestablecido La hora matinal. -- Puerta cerrada – A solas con Dios. -- Puerta abierta – la recompensa visible. -- Moisés y la Palabra de Dios . -- Moisés, hombre de oración. -- Moisés, hombre de Dios. -- El poder de la Palabra de Dios. -- La semilla y la Palabra. -- Hacer y conocer. -- La bienaventuranza de aquel que practica. -- Guardando los mandamientos de Cristo. -- Vida y conocimiento. -- <br/>El corazón y el entendimiento . -- Los pensamientos de Dios y los nuestros. -- Meditación. -- Revelando a los pequeños. --Aprendiendo a Cristo. -- Vida y luz. -- El estudioso de la Biblia. -- ¿Quién eres? La voluntad de Dios. -- Alimentándose de la Palabra . Vacaciones. -- Lo interior y lo exterior. -- La renovación diaria – su poder. -- La renovación diaria – su modelo. -- La renovación diaria – Su precio. -- Santidad – El objetivo principal del estudio bíblico. -- El salmo 119 y sus enseñanzas. -- La santa Trinidad. -- En Cristo. -- Solo. -- Ganando almas. -- El poder de la intercesión. -- El intercesor.<br/>
563 ## - NOTA DE ENCUADERNACIÓN
Nota de encuadernación Rústico
650 #0 - ASIENTO SECUNDARIO DE MATERIA - TERMINO TEMÁTICO
9 (RLIN) 19
Término temático o nombre geográfico como elemento de entrada Vida cristiana
700 ## - ASIENTO SECUNDARIO - NOMBRE PERSONAL
9 (RLIN) 6559
Nombre personal Contin, Agustín S.,
Responsabilidad autor
942 ## - TIPO DE MATERIAL (KOHA)
Tipo de Item KOHA Libros General
945 ## - INFORMACIÓN LOCAL DEL REGISTRO
Catalogador JTF-925
Existencias
Estado de Material Estado de Perdido Forma de Clasificación Estado de Dañado No para Préstamo Colección Biblioteca de Origen Biblioteca Permanente Fecha de Adquisición Área Total de Préstamos Signatura Topográfica Código de Barras Última vez visto Ejemplar/Existencia Fecha de Remplazo Tipo de Material
    Dewey Decimal Classification     Colección General Biblioteca FUSBC Biblioteca FUSBC 25/05/2022 VIDA CRISTIANA   G 248 M981v 24737 25/05/2022 Ej. 1 25/05/2022 Libros General

Biblioteca FUSBC | Teléfono: (57+4) 349 88 10 Ext. 141| WhatsApp (+57) 3005338115 
E-mail: biblioteca@unisbc.edu.co | Calle 76 87-14 Robledo Palenque, Medellín, Colombia

Con tecnología Koha